01137nam a2200193Ia 4500001001100000003001000011008004100021040002500062041001300087100001900100245004100119250001100160260008300171300001200254500026600266501011400532520026600646650003100912L922-41492IT-CnALBA170116s9999||||xx |||||||||||||| ||und|| aIT-CnALBAcIT-CnALBA aITALIANO aESCHOLIER MARC 0aLACORDAIRE OU DIEU ET LA LIBERTÈ.  a1a ed. aPARISbFLEURUS. EDITIONS. PARISc1959 [1° Ed.:1959 - Ed.Ling.Originale: 1959] a252 p.  aDIO E LA LIBERTÀ. IL PRIMO EDIFICIO. DESTINO DELLA IRRELIGIOSITÀ. IDEALE UMANO DELLA GLORIA. ALLE PRTE DELL'ETERNITÀ. L'AMORE INFINITO DEL MONDO. MORTE IMPROVVISA. L'AVENIR. I PELLEGRINI DI DIO. NOSTRA SIGNORA DI PARIGI MIA PATRIA. IL DESTINO DELL'UOMO. L aSocietà San Paolo EM - Piazza San Paolo, 14 - 12051 ALBA (CN) (non commercial uses only) ® Copyright 2017 aDIO E LA LIBERTÀ. IL PRIMO EDIFICIO. DESTINO DELLA IRRELIGIOSITÀ. IDEALE UMANO DELLA GLORIA. ALLE PRTE DELL'ETERNITÀ. L'AMORE INFINITO DEL MONDO. MORTE IMPROVVISA. L'AVENIR. I PELLEGRINI DI DIO. NOSTRA SIGNORA DI PARIGI MIA PATRIA. IL DESTINO DELL'UOMO. L aBIOGRAFIE, UOMINI ILLUSTRI